Ranger's Apprentice - Statistics

General Stats
  • This quiz has been taken 542 times
  • The average score is 12 of 15
Answer Stats
Hint Answer % Correct
Main Character Will
100%
Above character's teacher Halt
99%
Main character's knight friend Horace
87%
Only ranger to carry a sword Gilan
85%
King's name Duncan
83%
Main character's recognized last name Treaty
80%
Skandian Oberjarl Erak
79%
Main Character's horse Tug
79%
Main character's crush Alyss
78%
Ranger Corps Leader Crowley
70%
Teacher's wife Pauline
70%
Baron's name Arald
68%
Teacher's horse Abelard
63%
Above character's horse Blaze
62%
"Wizard" Malcolm
53%
No matching quizzes found
Score Distribution
Percent of People with Each Score
Percentile by Number Answered
Your Score History
You have not taken this quiz